000 00296nam a2200109Ia 4500
008 220204s9999 xx 000 0 und d
082 _a943
_bSHI
100 _aShirer, W L
245 0 _aRise and fall of the third reich: A history of Nazi Germany
260 _aNew York
_bFawcett
_c1960
942 _cBK
999 _c33650
_d33650